Advanced Process Control of a Depropanizer Column

Enregistré dans:
Détails bibliographiques
Auteur principal: Mojto, Martin (Auteur)
Autres auteurs: Fikar, Miroslav (Directeur de thèse)
Format: Manuscrit Livre
Langue:slovaque
anglais
Publié: 2019
Sujets:
Accès en ligne:http://is.stuba.sk/zp/portal_zp.pl?podrobnosti=143219
Tags: Ajouter un tag
Pas de tags, Soyez le premier à ajouter un tag!

MARC

LEADER 00000ntm a22000003a 4500
001 stuzp74216
003 SK-STU
005 20190601211117.9
007 ta
008 150427s2015----xo-----f-mn---000-0-slo-d
040 |a STU  |b slo 
041 0 |a eng 
100 1 |a Mojto, Martin  |u 047000  |k Z4  |4 aut  |U FCHPT Fakulta chemickej a potravinárskej technológie  |T FCHPT Ústav informatizácie, automatizácie a matematiky  |X 76835  |U C7000  |Y 105  |7 76835 
242 0 1 |a APC riadenie depropanizačnej kolóny  |y slo 
245 1 0 |a Advanced Process Control of a Depropanizer Column 
260 |c 2019 
650 4 |a konfigurácia  |2 slo 
650 4 |a dynamická optimalizácia  |2 slo 
650 4 |a inferenčné senzory  |2 slo 
650 4 |a depropanizačná kolóna  |2 slo 
650 4 |a APC  |2 slo 
650 4 |a depropanizer column  |2 eng 
650 4 |a configuration  |2 eng 
650 4 |a dynamic optimisation  |2 eng 
650 4 |a inferential sensors  |2 eng 
650 4 |a APC  |2 eng 
700 1 |a Fikar, Miroslav  |u 901010  |k Z7  |4 ths  |U Rektorát STU  |T Vedenie STU  |X 3374  |U 901010  |Y 287  |7 A000003374 
856 4 |u http://is.stuba.sk/zp/portal_zp.pl?podrobnosti=143219